Normal view
MARC view
Entry Personal Name
001 - CONTROL NUMBER
- control field: 26674
003 - CONTROL NUMBER IDENTIFIER
- control field: ARRUPE
005 - DATE AND TIME OF LATEST TRANSACTION
- control field: 20161013085432.0
008 - FIXED-LENGTH DATA ELEMENTS
- fixed length control field: 161013|| aca||aabn | a|a d
040 ## - CATALOGING SOURCE
- Original cataloging agency: ARRUPE
- Transcribing agency: ARRUPE
100 ## - HEADING--PERSONAL NAME
- Personal name: Caesar, Julius
- Form subdivision: Fiction.
670 ## - SOURCE DATA FOUND
- Source citation: Work cat.: (ARRUPE)0: Jelusich, Mirko, 1886-1969. 26673, Caesar /, 1930.